logo

Bir Sreshtho Munshi Abdur Rouf Library
Jhenaidah Cadet College

The government and politics of India (Record no. 9464)

MARC details
000 -LEADER
fixed length control field 00780cam a2200277 4500
001 - CONTROL NUMBER
JCCL Control Number 9464
003 - CONTROL NUMBER IDENTIFIER
JCCL marc code BD-JhCC
005 - DATE AND TIME OF LATEST TRANSACTION
control field 20180314171006.0
008 - FIXED-LENGTH DATA ELEMENTS--GENERAL INFORMATION
fixed length control field 710804s1971 enkb b 001 0 eng
020 ## - INTERNATIONAL STANDARD BOOK NUMBER
International Standard Book Number 0091069106
035 ## - SYSTEM CONTROL NUMBER
system control number (BD-JhCC)9464
040 ## - CATALOGING SOURCE
Original cataloging agency DLC
Transcribing agency DLC
Modifying agency DLC
041 ## - LANGUAGE CODE
Language code of Book eng
050 00 - LIBRARY OF CONGRESS CALL NUMBER
Classification number DS480.84
Item number .M59 1971
082 00 - DEWEY DECIMAL CLASSIFICATION NUMBER
Classification number 320.9/54
Author mark and Year MOR 1971
100 2# - MAIN ENTRY--PERSONAL NAME
Personal name Morris-Jones, W. H.
Fuller form of name (Wyndraeth Humphreys)
245 14 - TITLE STATEMENT
Title The government and politics of India
Statement of responsibility, etc [by] W. H. Morris-Jones.
250 ## - EDITION STATEMENT
Edition statement 3rd (revised) ed.
260 ## - PUBLICATION, DISTRIBUTION, ETC. (IMPRINT)
Place of publication, distribution, etc London,
Name of publisher, distributor, etc Hutchinson,
Date of publication, distribution, etc 1971.
300 ## - PHYSICAL DESCRIPTION
Pagination 280 p.
Other physical details maps.
Dimensions 23 cm.
350 ## - PRICE (NR) (BK AM CF MU VM SE) [OBSOLETE]
Price £1.75
504 ## - BIBLIOGRAPHY, ETC. NOTE
Bibliography, etc Includes bibliographical references.
651 #0 - SUBJECT ADDED ENTRY--GEOGRAPHIC NAME
Geographic name India
General subdivision Politics and government
Chronological subdivision 1947-
942 ## - ADDED ENTRY ELEMENTS (KOHA)
Source of classification or shelving scheme Dewey Decimal Classification
Koha item type Books
Holdings
Source of classification or shelving scheme Damaged status Not for loan Home library Current library Shelving location Total Checkouts Full call number Barcode Date last seen Copy number Koha item type
Dewey Decimal Classification     JCC Rouf Library JCC Rouf Library General Stacks   320.9/54 MOR 1971 12663 03/14/2018 C - 1 Books

JCC Library | Contacts | JCC Home

Last Update on 23 September 2017
Copyright @ 2017-2020 JCC Rouf Library
Rouf Library, Jhenidah Cadet College (JCC), Bangladesh